header

Individuals and society in Mycenaean Pylos (Record no. 16081)

MARC details
000 -LEADER
fixed length control field 01505nam a2200361Ia 4500
082 04 - DEWEY DECIMAL CLASSIFICATION NUMBER
Classification number 938/.9
100 1# - MAIN ENTRY--AUTHOR NAME
Personal name Nakassis, Dimitri,
245 10 - TITLE STATEMENT
Title Individuals and society in Mycenaean Pylos
260 ## - PUBLICATION, DISTRIBUTION, ETC. (IMPRINT)
Place of publication Leiden, The Netherlands ;
-- Boston :
Name of publisher Brill,
Year of publication 2013.
300 ## - PHYSICAL DESCRIPTION
Number of Pages xiv, 448 p.
490 0# - SERIES STATEMENT
Series statement Mnemosyne supplements. History and archaeology of classical antiquity,
650 #0 - SUBJECT ADDED ENTRY--TOPICAL TERM
Topical Term Civilization, Mycenaean.
Topical Term Inscriptions, Linear B
Topical Term Prosopography
Topical Term Social structure
856 40 - ELECTRONIC LOCATION AND ACCESS
Uniform Resource Identifier http://site.ebrary.com/lib/rucke/Doc?id=10714559

No items available.

© 2026 Rongo University
Contact us: librarian | system librarian | Rongo university